[Event "BL 2425 (Women)"]
[Site "Germany"]
[Date "2024.11.16"]
[Round "1.3"]
[White "Mammadzada, Gunay Vuqar Qizi"]
[Black "Ziegenfuss, Antonia"]
[Result "1-0"]
[WhiteElo "2417"]
[BlackElo "2187"]
[PlyCount "77"]
[EventDate "2024.11.16"]
[EventType "team-tourn"]
[EventRounds "11"]
[EventCountry "GER"]
[SourceTitle "CB48_2024"]
[SourceDate "2024.11.28"]
[SourceVersion "1"]
[SourceVersionDate "2024.11.28"]
[SourceQuality "1"]
[WhiteTeam "Baden-Baden (W)"]
[BlackTeam "Hamburger SK (W)"]
[WhiteTeamCountry "GER"]
[BlackTeamCountry "GER"]

1. e4 c5 2. Nf3 d6 3. d4 cxd4 4. Nxd4 Nf6 5. Nc3 a6 6. Bd3 e5 7. Nde2 Nc6 8. 0-0 Be7 9. Nd5 Nxd5 10. exd5 Nb4 11. Bc4 Qc7 12. Bb3 a5 13. c3 Na6 14. Bc2 0-0 15. h3 Nc5 16. Be3 f5 17. f4 g6 18. Qd2 b5 19. Rad1 Bb7 20. Kh2 Rad8 21. g4 Bc8 22. gxf5 Bxf5 23. Bxf5 Rxf5 24. Ng3 Rf7 25. f5 Rdf8 26. Bh6 Bh4 27. Qg2 Bxg3+ 28. Qxg3 Rxf5 29. Bxf8 Rxf8 30. Rxf8+ Kxf8 31. Rf1+ Kg8 32. Qg4 b4 33. cxb4 axb4 34. Qxb4 Kg7 35. Qh4 Qb7 36. b4 Na6 37. Qf6+ Kh6 38. Qf8+ Kh5 39. Qxd6 1-0

[Event "GER-ch (Women) op-A"]
[Site "Augsburg"]
[Date "2024.03.09"]
[Round "6"]
[White "Ziegenfuss, Antonia"]
[Black "Heinemann, Josefine"]
[Result "1/2-1/2"]
[WhiteElo "2214"]
[BlackElo "2303"]
[PlyCount "119"]
[EventDate "2024.03.06"]
[EventType "swiss"]
[EventRounds "9"]
[EventCountry "GER"]
[SourceTitle "CBM 219 Extra"]
[Source "ChessBase"]
[SourceDate "2024.05.31"]
[SourceVersion "1"]
[SourceVersionDate "2024.05.31"]
[SourceQuality "1"]

1. c4 e6 2. Nc3 c5 3. Nf3 Nf6 4. g3 b6 5. Bg2 Bb7 6. 0-0 Be7 7. b3 0-0 8. Bb2 d5 9. cxd5 Nxd5 10. d4 Nd7 11. e3 Rc8 12. Rc1 Ba6 13. Nxd5 exd5 14. Re1 c4 15. Nd2 Bb4 16. Bc3 Bxc3 17. Rxc3 Nf6 18. bxc4 Bxc4 19. Nxc4 b5 20. Ra3 bxc4 21. Rxa7 Ra8 22. Rxa8 Qxa8 23. Qc2 Rb8 24. e4 Nxe4 25. Bxe4 dxe4 26. Qxc4 Rb2 27. d5 Rxa2 28. Rxe4 g6 29. Qd4 Ra1+ 30. Kg2 Ra6 31. Re2 Rd6 32. Rd2 h5 33. h4 Qe8 34. Rb2 Qd8 35. Rb5 Qf6 36. Qc5 Qe5 37. Qe3 Qf5 38. Qd4 Qf6 39. Qe4 Rd8 40. Rc5 Qd6 41. Qd4 Kh7 42. Qc4 Kg7 43. Qc3+ Qf6 44. Qa5 Qd6 45. Qb5 Qe5 46. Qc4 Rd7 47. Rb5 Rd6 48. Ra5 Rd7 49. Qd3 Rd6 50. Qe3 Qxe3 51. fxe3 Kf6 52. Kf3 Ke5 53. e4 f5 54. exf5 Kxf5 55. Rc5 Ke5 56. Rc6 Kxd5 57. Rxd6+ Kxd6 58. Kf4 Ke6 59. Kg5 Kf7 60. g4 1/2-1/2

[Event "GER-ch (Women) op-A"]
[Site "Augsburg"]
[Date "2024.03.06"]
[Round "1"]
[White "Ziegenfuss, Antonia"]
[Black "Peglau, Dora"]
[Result "1-0"]
[WhiteElo "2214"]
[BlackElo "1960"]
[PlyCount "79"]
[EventDate "2024.03.06"]
[EventType "swiss"]
[EventRounds "9"]
[EventCountry "GER"]
[SourceTitle "CBM 219 Extra"]
[Source "ChessBase"]
[SourceDate "2024.05.31"]
[SourceVersion "1"]
[SourceVersionDate "2024.05.31"]
[SourceQuality "1"]

1. c4 e6 2. Nc3 d5 3. d4 Be7 4. cxd5 exd5 5. Bf4 Nf6 6. e3 c6 7. Bd3 0-0 8. h3 Re8 9. Nge2 Nbd7 10. 0-0 a6 11. Qc2 Nf8 12. Rad1 Ng6 13. Bg3 Bd6 14. Bxd6 Qxd6 15. Na4 Ne4 16. Bxe4 Rxe4 17. Ng3 Re8 18. Nb6 Rb8 19. a3 Be6 20. b4 Nf8 21. Qc5 Qc7 22. Rc1 Nd7 23. Nxd7 Qxd7 24. Ne2 Bf5 25. Ng3 Bd3 26. Rfd1 Bc4 27. Rxc4 dxc4 28. d5 cxd5 29. Rxd5 Qc8 30. Qd4 g6 31. Ne4 Rxe4 32. Qxe4 b5 33. Qd4 Qe8 34. h4 h5 35. g4 hxg4 36. h5 Rc8 37. hxg6 fxg6 38. Rd7 Qf8 39. Qd5+ Kh8 40. Qh1+ 1-0

[Event "BL 2324 (Women)"]
[Site "Germany"]
[Date "2023.12.10"]
[Round "4.5"]
[White "Ziegenfuss, Antonia"]
[Black "Otikova, Elina"]
[Result "1-0"]
[WhiteElo "2196"]
[BlackElo "2047"]
[PlyCount "125"]
[EventDate "2023.10.14"]
[EventType "team-tourn"]
[EventRounds "11"]
[EventCountry "GER"]
[SourceTitle "CBM 220 Extra"]
[Source "ChessBase"]
[SourceDate "2024.07.31"]
[SourceVersion "1"]
[SourceVersionDate "2024.07.31"]
[SourceQuality "1"]
[WhiteTeam "Hamburger SK (W)"]
[BlackTeam "Loeberitz (W)"]
[WhiteTeamCountry "GER"]
[BlackTeamCountry "GER"]

1. d4 d5 2. c4 e6 3. Nc3 Bb4 4. cxd5 exd5 5. Bf4 Nf6 6. e3 Ne4 7. Qc2 Nxc3 8. bxc3 Bd6 9. Bxd6 Qxd6 10. Bd3 c5 11. Nf3 Nc6 12. 0-0 h6 13. e4 dxe4 14. Bxe4 0-0 15. d5 f5 16. dxc6 fxe4 17. Qxe4 Bf5 18. Rad1 Bxe4 19. Rxd6 Bxc6 20. Ne5 Rad8 21. Rfd1 Rxd6 22. Rxd6 Bb5 23. g3 Rf6 24. Rd8+ Kh7 25. h4 Rf5 26. f4 g5 27. Rc8 gxf4 28. Rc7+ Kg8 29. Ng6 Rf7 30. Rxc5 Rg7 31. h5 Be8 32. Rc8 Kf7 33. gxf4 Bd7 34. Rc7 Kf6 35. Rxb7 Bg4 36. Rxg7 Kxg7 37. c4 Kf6 38. Kf2 Bxh5 39. Ne5 Be8 40. Kg3 Kf5 41. c5 Ke6 42. Kg4 Kd5 43. c6 Kd6 44. Kh4 a6 45. a3 Kc7 46. f5 Kd6 47. f6 Kc7 48. Kg4 Kd6 49. Kf5 h5 50. Kg5 Kc7 51. Kf4 Kd6 52. Kf5 h4 53. Kf4 Bh5 54. Ke3 Kc7 55. Kf2 Kd6 56. Kg2 Be8 57. Kh2 a5 58. a4 Bh5 59. Kh3 Be8 60. Kxh4 Kc7 61. Kg5 Kd6 62. Kh6 Kc7 63. Kg7 1-0

[Event "EU-chT U18 Girls"]
[Site "Thessaloniki"]
[Date "2022.07.18"]
[Round "7.1"]
[White "Kara, Gulce Nehir"]
[Black "Ziegenfuss, Antonia"]
[Result "1-0"]
[WhiteElo "1907"]
[BlackElo "2170"]
[PlyCount "87"]
[EventDate "2022.07.12"]
[EventType "team-swiss"]
[EventRounds "7"]
[EventCountry "GRE"]
[SourceTitle "EXT 2023"]
[Source "ChessBase"]
[SourceDate "2022.10.05"]
[SourceVersion "1"]
[SourceVersionDate "2022.10.05"]
[SourceQuality "1"]
[WhiteTeam "Turkey U18"]
[BlackTeam "Germany U18"]
[WhiteTeamCountry "TUR"]
[BlackTeamCountry "GER"]

1. e4 c5 2. Nc3 e6 3. Nge2 Nc6 4. d4 cxd4 5. Nxd4 Qc7 6. Qd3 a6 7. Nxc6 Qxc6 8. Qg3 Nf6 9. Bd3 d6 10. Bd2 b5 11. f3 Bb7 12. 0-0-0 0-0-0 13. Kb1 Nd7 14. Ne2 Nb6 15. Nd4 Qc7 16. Ba5 d5 17. Qf2 Qc5 18. b4 Qc7 19. Nxb5 axb5 20. Qxb6 Qxb6 21. Bxb6 Rd6 22. Bc5 Rd8 23. Bxf8 Rhxf8 24. exd5 Rxd5 25. c4 Rd4 26. Be2 Rfd8 27. Kc2 bxc4 28. Rxd4 Rxd4 29. Kc3 Rd8 30. Bxc4 Kc7 31. a4 Kb6 32. a5+ Kc6 33. Re1 Ba8 34. Bd3 Rc8 35. Kb3 Kd6 36. b5 Bd5+ 37. Kb4 Rb8 38. b6 f5 39. Bc4 Rc8 40. Bxd5 exd5 41. b7 Rb8 42. a6 Kc6 43. Rc1+ Kb6 44. Rc8 1-0

[Event "German Masters (Women)"]
[Site "Darmstadt"]
[Date "2022.04.26"]
[Round "5"]
[White "Klek, Hanna Marie"]
[Black "Ziegenfuss, Antonia"]
[Result "1-0"]
[WhiteElo "2364"]
[BlackElo "2260"]
[PlyCount "51"]
[EventDate "2022.04.22"]
[EventType "tourn"]
[EventRounds "9"]
[EventCountry "GER"]
[EventCategory "2"]
[SourceTitle "CBM 208 Extra"]
[Source "ChessBase"]
[SourceDate "2022.07.31"]
[SourceVersion "1"]
[SourceVersionDate "2022.07.31"]
[SourceQuality "1"]

1. e4 c5 2. Nf3 d6 3. d4 cxd4 4. Nxd4 Nf6 5. Nc3 a6 6. Qd3 Nbd7 7. Be2 b5 8. Nd5 Bb7 9. Nb3 e6 10. Nxf6+ Qxf6 11. f4 e5 12. 0-0 exf4 13. Bxf4 Qg6 14. Qh3 h5 15. a4 b4 16. Rad1 Be7 17. e5 d5 18. Bd3 Qc6 19. Kh1 Nc5 20. Nxc5 Bxc5 21. e6 fxe6 22. Rde1 Bc8 23. Bg5 Be7 24. Bg6+ Kd8 25. Bxe7+ Kxe7 26. Rf7+ 1-0

[Event "German Masters (Women)"]
[Site "Darmstadt"]
[Date "2022.04.25"]
[Round "4"]
[White "Ziegenfuss, Antonia"]
[Black "Wagner, Dinara"]
[Result "0-1"]
[WhiteElo "2260"]
[BlackElo "2321"]
[PlyCount "142"]
[EventDate "2022.04.22"]
[EventType "tourn"]
[EventRounds "9"]
[EventCountry "GER"]
[EventCategory "2"]
[SourceTitle "CBM 208 Extra"]
[Source "ChessBase"]
[SourceDate "2022.07.31"]
[SourceVersion "1"]
[SourceVersionDate "2022.07.31"]
[SourceQuality "1"]

1. d4 Nf6 2. c4 e6 3. g3 d5 4. Bg2 Be7 5. Nf3 0-0 6. 0-0 dxc4 7. Qc2 b5 8. a4 b4 9. Nfd2 Nd5 10. e4 b3 11. Qxc4 Ba6 12. Qxb3 Bxf1 13. Nxf1 Nb4 14. d5 exd5 15. exd5 Bd6 16. Nc3 Nd7 17. Ne4 a5 18. Bg5 f6 19. Bf4 Bxf4 20. gxf4 Kh8 21. Ne3 Rb8 22. Nf5 g6 23. Nd4 Nc6 24. Qc3 Nxd4 25. Qxd4 Rb4 26. Qa7 Re8 27. d6 cxd6 28. Nxd6 Re7 29. Rc1 Kg7 30. Rc7 Qb8 31. Qxb8 Rxb8 32. Bc6 Kf8 33. Nc8 Re1+ 34. Kg2 Rc1 35. Na7 Rd8 36. Rb7 Nc5 37. Rxh7 Ne6 38. Bb5 Nxf4+ 39. Kf3 Ne6 40. h4 Rd4 41. Nc6 Rf4+ 42. Ke3 Re1+ 43. Kd2 Ree4 44. Nxa5 Rxf2+ 45. Kc3 Re3+ 46. Kc4 Rxb2 47. Nc6 f5 48. Nb8 Rc2+ 49. Kb4 Nc5 50. h5 Re4+ 51. Ka5 gxh5 52. Rxh5 Nb3+ 53. Kb6 Re6+ 54. Ka7 Nd4 55. Nd7+ Ke7 56. Rh7+ Kd6 57. Nb6 Nxb5+ 58. axb5 Ra2+ 59. Kb7 Kc5 60. Nc8 Kxb5 61. Rf7 Rf2 62. Ne7 Rxe7+ 63. Rxe7 Kc5 64. Kc7 f4 65. Rf7 f3 66. Kd7 Kd5 67. Ke7 Ke5 68. Kf8 Rf1 69. Ra7 Rd1 70. Ra2 Ke4 71. Kf7 Ke3 0-1

[Event "German Masters (Women)"]
[Site "Darmstadt"]
[Date "2022.04.22"]
[Round "1"]
[White "Schneider, Jana"]
[Black "Ziegenfuss, Antonia"]
[Result "1-0"]
[WhiteElo "2263"]
[BlackElo "2260"]
[PlyCount "79"]
[EventDate "2022.04.22"]
[EventType "tourn"]
[EventRounds "9"]
[EventCountry "GER"]
[EventCategory "2"]
[SourceTitle "CBM 208 Extra"]
[Source "ChessBase"]
[SourceDate "2022.07.31"]
[SourceVersion "1"]
[SourceVersionDate "2022.07.31"]
[SourceQuality "1"]

1. e4 c5 2. Nf3 d6 3. d4 cxd4 4. Nxd4 Nf6 5. Nc3 a6 6. Bd3 e5 7. Nde2 Be7 8. 0-0 0-0 9. Ng3 Be6 10. Nd5 Bxd5 11. exd5 g6 12. Bh6 Re8 13. c4 Nbd7 14. a3 a5 15. b3 Bf8 16. Bxf8 Kxf8 17. Re1 Kg7 18. Qd2 Ng4 19. b4 b6 20. Bc2 f5 21. Ba4 e4 22. Qc3+ Nge5 23. Bxd7 Qxd7 24. c5 bxc5 25. bxc5 Qe7 26. c6 Qf6 27. Rec1 Nd3 28. Qxf6+ Kxf6 29. Rcb1 Ke5 30. Rb5 Nc5 31. Rd1 Reb8 32. Rxb8 Rxb8 33. Ne2 Nd3 34. Nc3 Kd4 35. Rb1 Rc8 36. Na4 Nf4 37. Rd1+ Ke5 38. Nb6 Ne2+ 39. Kf1 Nc3 40. Nxc8 1-0

[Event "Berlin Rising Stars IM"]
[Site "Berlin"]
[Date "2021.09.21"]
[Round "5"]
[White "Beerdsen, Thomas"]
[Black "Ziegenfuss, Antonia"]
[Result "1/2-1/2"]
[WhiteElo "2468"]
[BlackElo "2242"]
[PlyCount "77"]
[EventDate "2021.09.19"]
[EventType "tourn"]
[EventRounds "9"]
[EventCountry "GER"]
[EventCategory "3"]
[SourceTitle "CBM 204 Extra"]
[Source "ChessBase"]
[SourceDate "2021.11.30"]
[SourceVersion "1"]
[SourceVersionDate "2021.11.30"]
[SourceQuality "1"]

1. e4 c5 2. Nf3 e6 3. d4 cxd4 4. Nxd4 Nc6 5. Bf4 d6 6. Nxc6 bxc6 7. c4 Nf6 8. Nc3 Be7 9. Be2 0-0 10. 0-0 Bb7 11. Qc2 d5 12. Rfd1 Rc8 13. Bf3 Qa5 14. Qb3 Qb4 15. Be3 dxc4 16. Qxb4 Bxb4 17. Na4 c5 18. a3 Ba5 19. Nxc5 Bc6 20. Rac1 Bb6 21. Rxc4 Bxe4 22. Rxe4 Bxc5 23. Bxc5 Rxc5 24. Ra4 Rc7 25. Ra5 Rb8 26. b4 Kf8 27. b5 Nd5 28. a4 Ke7 29. g3 Kd6 30. Bxd5 exd5 31. b6 Rxb6 32. Raxd5+ Ke7 33. a5 Rbc6 34. Re1+ Re6 35. Rb1 Rec6 36. Kg2 a6 37. Re5+ Kd7 38. Rbe1 Rc5 39. Re8 1/2-1/2

[Event "Berlin Rising Stars IM"]
[Site "Berlin"]
[Date "2021.09.19"]
[Round "2"]
[White "Ziegenfuss, Antonia"]
[Black "Schulze, Lara"]
[Result "1-0"]
[WhiteElo "2242"]
[BlackElo "2252"]
[PlyCount "111"]
[EventDate "2021.09.19"]
[EventType "tourn"]
[EventRounds "9"]
[EventCountry "GER"]
[EventCategory "3"]
[SourceTitle "CBM 204 Extra"]
[Source "ChessBase"]
[SourceDate "2021.11.30"]
[SourceVersion "1"]
[SourceVersionDate "2021.11.30"]
[SourceQuality "1"]

1. d4 Nf6 2. Bg5 Ne4 3. h4 d5 4. Nd2 c5 5. Nxe4 dxe4 6. d5 Qb6 7. Bd2 Qxb2 8. e3 Qe5 9. c4 e6 10. Ne2 exd5 11. cxd5 Qxd5 12. Nc3 Qe5 13. Nb5 Nc6 14. Bc3 Qe7 15. Qa4 Bg4 16. Be2 Bxe2 17. Kxe2 Rc8 18. Rad1 Qe6 19. Nxa7 Ra8 20. Nxc6 Qxa2+ 21. Qxa2 Rxa2+ 22. Rd2 Rxd2+ 23. Kxd2 bxc6 24. Ra1 Be7 25. Ra8+ Bd8 26. Bxg7 Rg8 27. Bf6 Kd7 28. h5 Re8 29. Bxd8 Rxd8 30. Rxd8+ Kxd8 31. Kc3 Kd7 32. Kc4 Kd6 33. g4 Ke5 34. Kxc5 Kf6 35. Kxc6 Kg5 36. Kd5 Kxg4 37. Kxe4 Kxh5 38. Kf5 Kh4 39. e4 h5 40. e5 Kh3 41. Kf6 h4 42. Kxf7 Kg2 43. e6 h3 44. e7 h2 45. e8Q Kxf2 46. Qh8 Kg2 47. Qg8+ Kh1 48. Kg6 Kg2 49. Kf5+ Kf2 50. Qd5 Kg1 51. Qd1+ Kg2 52. Qe2+ Kg1 53. Kg4 h1Q 54. Kg3 Qf3+ 55. Kxf3 Kh1 56. Qg2# 1-0

[Event "German Masters (Women)"]
[Site "Magdeburg"]
[Date "2021.07.28"]
[Round "6"]
[White "Ziegenfuss, Antonia"]
[Black "Schneider, Jana"]
[Result "1/2-1/2"]
[WhiteElo "2157"]
[BlackElo "2353"]
[PlyCount "51"]
[EventDate "2021.07.23"]
[EventType "tourn"]
[EventRounds "9"]
[EventCountry "GER"]
[EventCategory "2"]
[SourceTitle "CBM 203 Extra"]
[Source "ChessBase"]
[SourceDate "2021.09.30"]
[SourceVersion "1"]
[SourceVersionDate "2021.09.30"]
[SourceQuality "1"]

1. d4 Nf6 2. Bg5 e6 3. e4 h6 4. Bxf6 Qxf6 5. c3 d5 6. Bd3 dxe4 7. Bxe4 Bd6 8. Nf3 Nd7 9. Nbd2 c5 10. Nc4 Bc7 11. 0-0 0-0 12. Qe2 cxd4 13. cxd4 Rb8 14. Rac1 Nb6 15. Nce5 Qe7 16. Rfe1 Rd8 17. Qc2 Bd6 18. Bh7+ Kf8 19. Bg6 Bxe5 20. Nxe5 f6 21. Bh5 fxe5 22. Qh7 g6 23. Qh8+ Kf7 24. Qh7+ Kf8 25. Qh8+ Kf7 26. Qh7+ 1/2-1/2

[Event "German Masters (Women)"]
[Site "Magdeburg"]
[Date "2021.07.26"]
[Round "4"]
[White "Ziegenfuss, Antonia"]
[Black "Lubbe, Melanie"]
[Result "0-1"]
[WhiteElo "2157"]
[BlackElo "2281"]
[PlyCount "110"]
[EventDate "2021.07.23"]
[EventType "tourn"]
[EventRounds "9"]
[EventCountry "GER"]
[EventCategory "2"]
[SourceTitle "CBM 203 Extra"]
[Source "ChessBase"]
[SourceDate "2021.09.30"]
[SourceVersion "1"]
[SourceVersionDate "2021.09.30"]
[SourceQuality "1"]

1. d4 d6 2. e4 Nf6 3. Nc3 g6 4. Bg5 Bg7 5. e5 Ng8 6. exd6 cxd6 7. Qd2 Nc6 8. Nge2 a6 9. a4 Nf6 10. d5 Ne5 11. Nd4 Qa5 12. Be2 Qb4 13. 0-0 0-0 14. Rfe1 h6 15. Bf4 g5 16. Bxe5 dxe5 17. Nf3 e4 18. Ne5 Rd8 19. Bc4 Qd6 20. f4 exf3 21. Nxf3 e6 22. Rad1 Ng4 23. Ne4 Qb6+ 24. Nf2 exd5 25. h3 Nxf2 26. Qxf2 Qxf2+ 27. Kxf2 Be6 28. Bb3 Bxb2 29. Rd3 Rac8 30. g4 Rc3 31. Rdd1 Ba3 32. Kg2 Bc5 33. Re2 Be3 34. Nd2 Bxd2 35. Rexd2 Kg7 36. Rf2 h5 37. Rd4 Re3 38. Rb4 Rd7 39. Rd4 Rd6 40. Rb4 Rd7 41. Rd4 hxg4 42. hxg4 Re4 43. Rxe4 dxe4 44. Bxe6 fxe6 45. Re2 Rd4 46. a5 Kf6 47. c3 Rc4 48. Rc2 Ke5 49. Kg3 Rc5 50. Rb2 Rxc3+ 51. Kf2 Ra3 52. Rxb7 Rxa5 53. Rf7 Ra2+ 54. Ke3 Ra3+ 55. Ke2 a5 0-1

[Event "German Masters (Women)"]
[Site "Magdeburg"]
[Date "2021.07.23"]
[Round "1"]
[White "Voicu Jagodzinsky, Carmen"]
[Black "Ziegenfuss, Antonia"]
[Result "1/2-1/2"]
[WhiteElo "2247"]
[BlackElo "2157"]
[PlyCount "65"]
[EventDate "2021.07.23"]
[EventType "tourn"]
[EventRounds "9"]
[EventCountry "GER"]
[EventCategory "2"]
[SourceTitle "CBM 203 Extra"]
[Source "ChessBase"]
[SourceDate "2021.09.30"]
[SourceVersion "1"]
[SourceVersionDate "2021.09.30"]
[SourceQuality "1"]

1. e4 c5 2. Nc3 Nc6 3. Nge2 e6 4. g3 Nf6 5. Bg2 d5 6. exd5 exd5 7. d4 cxd4 8. Nxd4 Bg4 9. Qd3 Bb4 10. Qe3+ Qe7 11. Qxe7+ Kxe7 12. Nxc6+ bxc6 13. Bd2 Kd7 14. f3 Rhe8+ 15. Ne2 Bxd2+ 16. Kxd2 Be6 17. Nf4 Rab8 18. b3 Kd6 19. h4 c5 20. Rhe1 d4 21. Bf1 Nd5 22. Nxd5 Bxd5 23. f4 f5 24. Bd3 Be4 25. Bc4 Re7 26. Re2 Rf8 27. Rae1 h5 28. Bd3 Rfe8 29. Bb5 Rb8 30. Bd3 Rbe8 31. Bb5 Rf8 32. Bd3 Rfe8 33. Bb5 1/2-1/2

[Event "Speed Chess (Women) Q7"]
[Site "Chess.com INT"]
[Date "2021.06.06"]
[Round "8"]
[White "Frayna, Janelle Mae"]
[Black "Ziegenfuss, Antonia"]
[Result "1-0"]
[WhiteElo "2179"]
[BlackElo "2157"]
[PlyCount "59"]
[EventDate "2021.06.06"]
[EventType "swiss (blitz)"]
[EventRounds "21"]
[EventCountry "USA"]
[SourceTitle "CBM 202 Extra"]
[Source "ChessBase"]
[SourceDate "2021.07.31"]
[SourceVersion "1"]
[SourceVersionDate "2021.07.31"]
[SourceQuality "1"]

1. d4 Nf6 2. c4 e6 3. Nc3 d5 4. cxd5 exd5 5. Bg5 c6 6. Qc2 h6 7. Bh4 Be6 8. e3 Nbd7 9. Bd3 g5 10. Bg3 Nh5 11. Nf3 Nxg3 12. hxg3 h5 13. 0-0-0 Be7 14. Kb1 Qa5 15. e4 Nb6 16. e5 0-0-0 17. Nd2 Nc4 18. Nb3 Qc7 19. f4 Kb8 20. Qf2 Bg4 21. Rde1 Bb4 22. f5 Bxc3 23. bxc3 Qb6 24. Ka1 a5 25. Rb1 a4 26. Nc5 Qa5 27. Rxb7+ Kc8 28. Qc2 Ne3 29. Qb2 a3 30. Rb8+ 1-0

[Event "Speed Chess (Women) Q7"]
[Site "Chess.com INT"]
[Date "2021.06.06"]
[Round "7"]
[White "Head, Louise"]
[Black "Ziegenfuss, Antonia"]
[Result "0-1"]
[WhiteElo "2090"]
[BlackElo "2157"]
[PlyCount "114"]
[EventDate "2021.06.06"]
[EventType "swiss (blitz)"]
[EventRounds "21"]
[EventCountry "USA"]
[SourceTitle "CBM 202 Extra"]
[Source "ChessBase"]
[SourceDate "2021.07.31"]
[SourceVersion "1"]
[SourceVersionDate "2021.07.31"]
[SourceQuality "1"]

1. d4 Nf6 2. c4 e6 3. Nc3 d5 4. cxd5 exd5 5. Bg5 c6 6. e3 h6 7. Bh4 Be6 8. Qc2 Nbd7 9. Bd3 g5 10. Bg3 Nh5 11. Nge2 Nxg3 12. Nxg3 h5 13. Bf5 Qf6 14. Bxe6 fxe6 15. Nf1 0-0-0 16. 0-0-0 Kb8 17. f3 Rc8 18. Nd2 c5 19. dxc5 Bxc5 20. Rhe1 Bb4 21. Ndb1 Nb6 22. Qb3 Bc5 23. Nd2 Rc7 24. Kb1 Rhc8 25. a3 d4 26. exd4 Bxd4 27. Nb5 Rc2 28. Nxd4 Qxd4 29. Ne4 Qg7 30. Qxc2 Rxc2 31. Kxc2 Qc7+ 32. Nc3 Nd5 33. Rxe6 Nxc3 34. bxc3 a6 35. Re4 Ka7 36. Rdd4 Qc6 37. Rb4 Qd6 38. Red4 Qe6 39. Kb2 Qe2+ 40. Kb3 Qxg2 41. Rd7 Qxf3 42. Rdxb7+ Qxb7 43. Rxb7+ Kxb7 44. Kc4 g4 45. Kd4 h4 46. Ke3 Kb6 47. Kf4 g3 48. hxg3 h3 49. g4 h2 50. g5 h1Q 51. Kf5 Qf3+ 52. Kg6 Qd5 53. Kh7 Qf7+ 54. Kh6 Qg8 55. g6 Kc5 56. a4 Kc4 57. a5 Kxc3 0-1

[Event "Speed Chess (Women) Q7"]
[Site "Chess.com INT"]
[Date "2021.06.06"]
[Round "5"]
[White "Ziegenfuss, Antonia"]
[Black "Obregon Garcia, Roxangel"]
[Result "1-0"]
[WhiteElo "2157"]
[BlackElo "2167"]
[PlyCount "75"]
[EventDate "2021.06.06"]
[EventType "swiss (blitz)"]
[EventRounds "21"]
[EventCountry "USA"]
[SourceTitle "CBM 202 Extra"]
[Source "ChessBase"]
[SourceDate "2021.07.31"]
[SourceVersion "1"]
[SourceVersionDate "2021.07.31"]
[SourceQuality "1"]

1. d4 d5 2. c4 c6 3. Nc3 Nf6 4. cxd5 cxd5 5. f3 Nc6 6. e4 dxe4 7. d5 Ne5 8. fxe4 e6 9. Nf3 Nxf3+ 10. Qxf3 exd5 11. Bb5+ Bd7 12. e5 Bxb5 13. exf6 Bc4 14. Bg5 Qd7 15. 0-0-0 0-0-0 16. fxg7 Bxg7 17. Bxd8 Rxd8 18. b3 Qd6 19. Qg4+ Kb8 20. Qxg7 Qa3+ 21. Kc2 Ba6 22. Qe5+ Ka8 23. Rxd5 Rc8 24. Kb1 Qb4 25. Qc7 Qf8 26. Qd7 Rxc3 27. Qd8+ Rc8 28. Qxf8 Rxf8 29. Rhd1 Kb8 30. Rd8+ Rxd8 31. Rxd8+ Kc7 32. Rf8 Bd3+ 33. Kb2 Bg6 34. Kc3 b6 35. Kd4 Kd7 36. Ke5 Ke7 37. Ra8 a5 38. Rb8 1-0

[Event "Speed Chess (Women) Q7"]
[Site "Chess.com INT"]
[Date "2021.06.06"]
[Round "20"]
[White "Ziegenfuss, Antonia"]
[Black "Szente Varga, Fruzsina"]
[Result "1/2-1/2"]
[WhiteElo "2157"]
[BlackElo "2100"]
[PlyCount "61"]
[EventDate "2021.06.06"]
[EventType "swiss (blitz)"]
[EventRounds "21"]
[EventCountry "USA"]
[SourceTitle "CBM 202 Extra"]
[Source "ChessBase"]
[SourceDate "2021.07.31"]
[SourceVersion "1"]
[SourceVersionDate "2021.07.31"]
[SourceQuality "1"]

1. d4 Nf6 2. c4 g6 3. Nc3 Bg7 4. e4 d6 5. Be2 0-0 6. Be3 e5 7. d5 Ne8 8. g4 f5 9. gxf5 gxf5 10. exf5 Bxf5 11. Qd2 Nd7 12. h4 Nef6 13. Nh3 Ne4 14. Nxe4 Bxe4 15. Rg1 Kh8 16. Ng5 Bf5 17. Bd3 Nc5 18. Bxf5 Rxf5 19. Bxc5 dxc5 20. Ne6 Qxh4 21. Nxg7 Rf4 22. b3 Re4+ 23. Kf1 Qh3+ 24. Rg2 Qh1+ 25. Rg1 Qh3+ 26. Rg2 Rg8 27. Qg5 Qh1+ 28. Rg1 Qh3+ 29. Rg2 Qh1+ 30. Rg1 Qh3+ 31. Rg2 1/2-1/2

[Event "Speed Chess (Women) Q6"]
[Site "Chess.com INT"]
[Date "2021.06.05"]
[Round "11"]
[White "Petrova, Irina"]
[Black "Ziegenfuss, Antonia"]
[Result "1-0"]
[WhiteElo "2110"]
[BlackElo "2157"]
[PlyCount "51"]
[EventDate "2021.06.05"]
[EventType "swiss (blitz)"]
[EventRounds "13"]
[EventCountry "USA"]
[SourceTitle "CBM 202 Extra"]
[Source "ChessBase"]
[SourceDate "2021.07.31"]
[SourceVersion "1"]
[SourceVersionDate "2021.07.31"]
[SourceQuality "1"]

1. e4 c5 2. Nf3 e6 3. c4 Nc6 4. Nc3 e5 5. Be2 d6 6. 0-0 g6 7. d3 Bg7 8. a3 a5 9. Nd5 Be6 10. h3 Bxd5 11. cxd5 Nb8 12. Bd2 Ne7 13. b4 axb4 14. axb4 Rxa1 15. Qxa1 b6 16. bxc5 bxc5 17. Rb1 0-0 18. Rb7 f6 19. Qa7 Re8 20. Ba5 Qc8 21. Rxe7 Rxe7 22. Qxe7 Qa6 23. Qd8+ Bf8 24. Bc7 Qa1+ 25. Bf1 Na6 26. Bxd6 1-0

[Event "Speed Chess (Women) Q6"]
[Site "Chess.com INT"]
[Date "2021.06.05"]
[Round "7"]
[White "Ziegenfuss, Antonia"]
[Black "Grineva, Marianna"]
[Result "1-0"]
[WhiteElo "2157"]
[BlackElo "2029"]
[PlyCount "119"]
[EventDate "2021.06.05"]
[EventType "swiss (blitz)"]
[EventRounds "13"]
[EventCountry "USA"]
[SourceTitle "CBM 202 Extra"]
[Source "ChessBase"]
[SourceDate "2021.07.31"]
[SourceVersion "1"]
[SourceVersionDate "2021.07.31"]
[SourceQuality "1"]

1. d4 d6 2. c4 f5 3. Nc3 Nf6 4. g3 g6 5. Bg2 Bg7 6. Nh3 0-0 7. Bg5 c6 8. Qd2 e5 9. d5 c5 10. 0-0 Rf7 11. e4 Nbd7 12. f4 Nf8 13. Rae1 h6 14. Bh4 exf4 15. gxf4 Qa5 16. e5 dxe5 17. fxe5 Ng4 18. e6 Bd4+ 19. Kh1 Rg7 20. e7 Bd7 21. exf8Q+ Rxf8 22. Nf2 Ne5 23. Nce4 Qb6 24. Nf6+ Rxf6 25. Bxf6 Qxf6 26. b3 Qh4 27. Nh3 Kh7 28. Qf4 Qf6 29. Nf2 a5 30. Ne4 Qb6 31. Nd2 Nd3 32. Qg3 Nxe1 33. Rxe1 a4 34. d6 axb3 35. axb3 Qb4 36. Bd5 Bc3 37. Nf3 Bxe1 38. Qxe1 Qxe1+ 39. Nxe1 g5 40. Nf3 Kg6 41. Ne5+ Kf6 42. Nd3 Bc6 43. Nxc5 Bxd5+ 44. cxd5 Rg8 45. Kg2 Ke5 46. d7 Kxd5 47. Nxb7 Kc6 48. d8Q Rxd8 49. Nxd8+ Kb5 50. Nf7 Kb4 51. Nxh6 Kxb3 52. Nxf5 Kc4 53. Kg3 Kd5 54. Kg4 Ke5 55. Kxg5 Ke6 56. Kg6 Ke5 57. h4 Kf4 58. h5 Kg4 59. h6 Kf4 60. h7 1-0